|
|
|
|
| LEADER |
00000nam0a2200000 4500 |
| 001 |
184617 |
| 005 |
20231031172444.0 |
| 035 |
|
|
|a (RuTPU)RU\TPU\book\200208
|
| 090 |
|
|
|a 184617
|
| 100 |
|
|
|a 20100915d1960 m y0rusy50 ca
|
| 101 |
0 |
|
|a rus
|
| 102 |
|
|
|a RU
|
| 105 |
|
|
|a a j 000zy
|
| 200 |
1 |
|
|a Учебное пособие по курсовому проектированию светильников
|f В. С. Литвинов, В. В. Трембач
|g Московский энергетический институт
|
| 210 |
|
|
|a Москва
|d 1960
|
| 215 |
|
|
|a 122 с.
|c черт.
|
| 610 |
1 |
|
|a светильники
|
| 610 |
1 |
|
|a учебные пособия
|
| 610 |
1 |
|
|a расчет
|
| 610 |
1 |
|
|a зеркальные светильники
|
| 610 |
1 |
|
|a источники света
|
| 675 |
|
|
|a 621.321(075)
|v 3
|
| 700 |
|
1 |
|a Литвинов
|b В. С.
|g Виктор Семенович
|
| 701 |
|
1 |
|a Трембач
|b В. В.
|g Владимир Викторович
|
| 712 |
0 |
2 |
|a Московский энергетический институт (МЭИ)
|c (1930-1992)
|2 stltpush
|3 (RuTPU)RU\TPU\col\20092
|
| 801 |
|
1 |
|a RU
|b 63413507
|c 20100915
|
| 801 |
|
2 |
|a RU
|b 63413507
|c 20150119
|g RCR
|
| 942 |
|
|
|c BK
|